|
|
|
|
| LEADER |
02692nam a2200445 i 4500 |
| 001 |
nkc20233494396 |
| 003 |
CZ PrNK |
| 005 |
20230324093040.0 |
| 007 |
ta |
| 008 |
230117s2022 xr j g 000 f cze |
| 015 |
|
|
|a cnb003494396
|
| 020 |
|
|
|a 978-80-7637-105-7
|q (vázáno) :
|c Kč 590,00
|
| 035 |
|
|
|a (OCoLC)1375350502
|
| 040 |
|
|
|a ABG001
|b cze
|d ABA001
|e rda
|
| 041 |
1 |
|
|a cze
|h rus
|
| 072 |
|
7 |
|a 821.161.1
|x Ruská literatura, rusky psaná
|2 Konspekt
|9 25
|
| 080 |
|
|
|a 821.161.1-31
|2 MRF
|
| 080 |
|
|
|a (0:82-31)
|2 MRF
|
| 100 |
1 |
|
|a Ulickaja, Ljudmila Jevgen‘jevna,
|d 1943-
|7 xx0021919
|4 aut
|
| 240 |
1 |
0 |
|a Lestnica Jakova.
|l Česky
|
| 245 |
1 |
0 |
|a Jákobův žebřík /
|c Ljudmila Ulická ; přeložila Alena Machoninová
|
| 250 |
|
|
|a Vydání první
|
| 264 |
|
1 |
|a V Praze :
|b Paseka,
|c 2022
|
| 300 |
|
|
|a 561 stran :
|b 1 genealogická tabulka ;
|c 21 cm
|
| 336 |
|
|
|a text
|b txt
|2 rdacontent
|
| 337 |
|
|
|a bez média
|b n
|2 rdamedia
|
| 338 |
|
|
|a svazek
|b nc
|2 rdacarrier
|
| 500 |
|
|
|a Přeloženo z ruštiny
|
| 504 |
|
|
|a Obsahuje bibliografické odkazy
|
| 520 |
2 |
|
|a Zatím poslední a nejintimnější autorčin román. Podobně jako ve svých předchozích textech se v něm věnuje tématu paměti, tentokrát paměti ryze rodinné - i zde jsou však malé dějiny neúprosně válcovány těmi velkými.
|b Píše se rok 1975 a moskevská scénografka Nora Osecká pohřbívá svou babičku Marusju. Z jejího bytu si odnese truhličku s rodinným archivem. Jeho první položky začal psát v roce 1911 kyjevský židovský intelektuál Jakov Oseckij, když posílal dopisy své nevěstě Marusje. Příběhy vnučky a jejího dědečka se v sobě zrcadlí a postupně se přibližují. Přidávají se k nim osudy dalších generací a množství vedlejších postav. Všechny dohromady vypovídají o tom, jaké katastrofy v posledních více než stech letech probíhaly na území postupně zanikajícího ruského impéria, počínaje židovskými pogromy v Kyjevě přes stalinské represe, konče válkou v Jižní Osetii. Román se opírá o reálnou korespondenci autorčiných prarodičů a vyšetřovací spis jejího nespravedlivě souzeného dědečka. Nakladatelská anotace.
|
| 655 |
|
7 |
|a ruské romány
|7 fd133320
|2 czenas
|
| 655 |
|
9 |
|a Russian fiction
|2 eczenas
|
| 700 |
1 |
|
|a Machoninová, Alena,
|d 1980-
|7 xx0049081
|4 trl
|
| 910 |
2 |
|
|a BOA001
|b 2-1505.119
|
| 920 |
|
|
|a 4688537
|z ABG001
|
| 990 |
|
|
|a BK
|
| 995 |
|
|
|a 01
|
| 991 |
|
|
|b 202303
|c NOV
|
| 996 |
6 |
|
|b 2610931866
|c 2-1505.119
|l MZK
|r Sklad / do 1 hodiny
|n 0
|p p.v.
|w 001916632
|u 000010
|a 1
|e BOA001
|j MZK50
|s P
|
| 996 |
7 |
|
|b 2610934500
|c 2-1505.119
|l MZK
|r Sklad / do 1 hodiny
|n 5
|p kup
|w 001916632
|u 000020
|a 1
|e BOA001
|j MZK50
|s A
|